Danza sulla mia tomba /

Strano hobby, la morte, per un ragazzo di sedici anni. Strana convinzione, quella che l'amicizia sia una scatola di fagioli magici. Poi ci sono le sue ginocchia troppo basse che odia, la scuola da tenere o lasciare, un padre poco democratico, una madre troppo fragile. All'improvviso arriva Barry, un...

詳細記述

保存先:
書誌詳細
第一著者: Chambers, Aidan (著者)
その他の著者: Grilli, Giorgia (翻訳家)
フォーマット: 図書
言語:イタリア語
出版事項: Milano : Rizzoli, 2008
シリーズ:Rizzoli oltre
タグ: タグ追加
タグなし, このレコードへの初めてのタグを付けませんか!

MARC

LEADER 00000nam a22000007i 4500
001 IT\ICCU\UBO\3445923
003 ItRI
005 20260115232048.0
008 080628s2008 it |||||| ||||| |||||c
020 |a 9788817024259 
040 |b ita  |c importazione bologna sebina 
041 7 |a ita  |2 ISO-639-2 
082 |a 823.914  |9 NARRATIVA INGLESE, 1945-1999  |2 21 
100 1 |a Chambers, Aidan  |0 IT\ICCU\CFIV\120230  |4 aut 
240 1 0 |a Dance on my grave  |3 IT\ICCU\RAV\0245828  |9 Chambers, Aidan 
245 1 0 |a Danza sulla mia tomba /  |c Aidan Chambers ; traduzione di Giorgia Grilli. 
260 |a Milano :  |b Rizzoli,  |c 2008 
300 |a 325 p. ;  |c 22 cm 
500 |a Precedentemente pubbl. con il tit.: Un amico per sempre. 
520 |a Strano hobby, la morte, per un ragazzo di sedici anni. Strana convinzione, quella che l'amicizia sia una scatola di fagioli magici. Poi ci sono le sue ginocchia troppo basse che odia, la scuola da tenere o lasciare, un padre poco democratico, una madre troppo fragile. All'improvviso arriva Barry, una barca a vela gialla al posto del classico cavallo bianco e una voglia trascinante di gustarsi la vita in ogni istante. 
700 1 |a Grilli, Giorgia  |0 IT\ICCU\RAVV\087053  |4 trl 
830 0 |a Rizzoli oltre  |0 IT\ICCU\UBO\3355316 
942 |2 ddc  |c BK  |n 0 
952 |0 0  |1 0  |4 0  |6 R_823_914000000000000_CHA  |7 0  |9 19402  |a BO  |b BO  |d 2026-01-15  |i 13086  |l 0  |o R 823.914 CHA  |p BO13086  |r 2026-01-15 23:20:48  |w 2026-01-15  |x [Sebina 5] [1 v.]  |y BK  |z 1 v. 
999 |c 16517  |d 16517